000
00250nam a2200097Ia 4500
001
715167
005
20250826162919.0
008
250824s9999 xx 000 0 und d
245
0
_a
SELİN VE CEMLE YOLCULUKLAR
_c
BUKET UZUNER
260
_b
EVEREST YAYINLARI
999
_c
715167
_d
715167